|
|
|
|
| LEADER |
00000nam a22000007a 4500 |
| 005 |
20171205151212.0 |
| 007 |
cr|||| |||| |
| 008 |
171205t2013 mx |||||s|||| 00||0 spa d |
| 020 |
|
|
|a 978-84-15382-93-2
|
| 035 |
|
|
|a 20753
|
| 040 |
|
|
|a vLex
|
| 090 |
|
|
|c 7260
|d 7260
|
| 100 |
1 |
|
|a Mara̕ Lafragua, Još
|
| 245 |
1 |
0 |
|a Miscelǹea de polt̕ica (Seleccin̤)
|h [Recurso electrn̤ico] /
|c Jos ̌Mara̕ Lafragua
|
| 256 |
|
|
|a Servicio en ln̕ea
|
| 260 |
|
|
|a Ciudad de Mx̌ico:
|b Cm̀ara de Diputados,
|c 2013
|
| 300 |
|
|
|a 1 recurso electrn̤ico (105p.)
|
| 506 |
1 |
|
|a Disponible solo en los productos indicados
|d vLex Global
|d vLex Global (Academic Edition, excluding Law Schools)
|d vLex Global (U.S. Academic Edition, Law Schools)
|d vLex Global (U.S. Academic Edition, excluding Law Schools)
|d vLex Global (Academic Edition, Law Schools)
|
| 650 |
0 |
4 |
|a Derecho Constitucional
|z Mx̌ico
|
| 650 |
0 |
4 |
|a Ciencias sociales
|z Mx̌ico
|
| 740 |
0 |
|
|a vLex Libros (Servicio en ln̕ea)
|
| 856 |
4 |
0 |
|u http://vlex.com/source/miscelanea-politica-seleccion-20753
|z Acceso restringido
|
| 942 |
|
|
|c BOOK
|
| 999 |
0 |
|
|a Constitutional law
|
| 999 |
0 |
|
|a Social science
|